LEADER 01423nam a22003371i 4500 001 991002428649707536 005 20040315123529.0 008 040407s1998 gw a || || ||| ||mul 020 $a3772818641 (v. 2) 035 $ab12921397-39ule_inst 035 $aARCHE-090100$9ExL 040 $aDip.to Filologia Class. e Scienze Filosofiche$bita$cA.t.i. Arché s.c.r.l. Pandora Sicilia s.r.l. 041 0 $agerdum 082 04$a248.29 100 0 $aHadewijch$0485166 245 14$aDas Buch der Visionen /$cHadewijch ; von Gerald Hofmann 260 $aStuttgart-Bad Cannstatt :$bFrommann-Holzboog,$c1998 300 $a2 v. :$bill. ;$c25 cm 440 0$aMystik in Geschichte und Gegenwart.$nAbteilung I,$pChristliche Mystik ;$v12-13 504 $aBibliografia: p. [187]-203. Indici 505 0 $gT. 1. $tEinleitung, Text und Übersetzung /$rvon Gerald Hofmann 505 0 $gT. 2. $tKommentar /$rvon Gerald Hofmann. 650 4$aVita cristiana 700 1 $aHofmann, Gerald 907 $a.b12921397$b02-04-14$c16-04-04 912 $a991002428649707536 945 $aLE007 240 HAD 01.01$cv. 1$g1$i2007000070215$lle007$o-$pE0.00$q-$rl$s- $t0$u1$v0$w1$x0$y.i13493991$z16-04-04 945 $aLE007 240 HAD 01.01 $cv. 2$g1$i2007000070260$lle007$o-$pE0.00$q-$rl$s- $t0$u1$v0$w1$x0$y.i13494004$z16-04-04 996 $aBuch der Visionen$9299005 997 $aUNISALENTO 998 $ale007$b16-04-04$cm$da $e-$fmul$ggw $h4$i2 LEADER 01785nam a2200361 i 4500 001 991001711679707536 008 060621s2005 riua b 100 0 eng 020 $a082183701X 035 $ab13415372-39ule_inst 040 $aDip.to Matematica$beng 082 0 $a512$222 084 $aAMS 00B25 084 $aAMS 14C05 084 $aAMS 14N35 084 $aLC QA176.I58 111 2 $aInternational Conference on Infinite-Dimensional Aspects of Representation Theory and Applications$d<2004 ;$cUniversity of Virginia, Charlottesville, Virginia>$0623793 245 10$aInfinite-dimensional aspects of representation theory and applications :$bInternational Conference on Infinite-dimensional aspects of representation theory and applications, May 18-22, 2004, University of Virginia, Charlottesville, Virginia /$cStephen Berman ... [et al.], editors 260 $aProvidence, R. I. :$bAmerican Mathematical Society,$cc2005 300 $avii, 154 p. :$bill. ;$c26 cm 440 0$aContemporary mathematics,$x0271-4132 ;$v392 504 $aIncludes bibliographical references 650 0$aRepresentations of algebras$vCongresses 650 0$aRepresentations of groups$vCongresses 650 0$aGeometry, Algebraic$vCongresses 650 0$aAlgebra, Homological$vCongresses 650 0$aQuantum groups$vCongresses 700 1 $aBerman, Stephen$eauthor$4http://id.loc.gov/vocabulary/relators/aut$0296355 907 $a.b13415372$b16-11-06$c21-06-06 912 $a991001711679707536 945 $aLE013 00B BER11 (2005)$g1$i2013000202976$lle013$op$pE42.10$q-$rl$s- $t0$u0$v0$w0$x0$y.i14266763$z12-07-06 996 $aInfinite-dimensional aspects of representation theory and applications$91462229 997 $aUNISALENTO 998 $ale013$b21-06-06$cm$da $e-$feng$griu$h0$i0 LEADER 01066nam a2200277 i 4500 001 991003255429707536 005 20021205144145.0 008 020226s2000 it ||| | ||| 020 $a8815077227 035 $ab11778210-39ule_inst 035 $aPARLA222872$9ExL 040 $aDip.to Scienze Storiche Filosofiche e Geografiche$bita 082 0 $a327.1 100 1 $aNicholson, Michael$0143610 245 10$aIntroduzione allo studio delle relazioni internazionali /$cMichael Nicholson 260 $aBologna :$bIl mulino,$c[2000] 300 $a262 p. ;$c22 cm. 490 0 $aStrumenti. Scienza politica 500 $aEd. italiana a cura di Filippo Andreatta. - Trad. di Umberto Livini, Giuseppina Cavallo. 650 4$aRelazioni internazionali 907 $a.b11778210$b27-04-17$c09-12-02 912 $a991003255429707536 945 $aLE009 STOR.50-214$g1$i2009000139039$lle009$o-$pE0.00$q-$rl$s- $t0$u1$v0$w1$x0$y.i12024740$z09-12-02 996 $aInternational relations$938560 997 $aUNISALENTO 998 $ale009$b01-01-02$cm$da $e-$feng$git $h0$i1